El estado de las aves en Colombia : (Registro nro. 19106)

Detalles MARC
000 -CABECERA
Campo de control 00738nam a2200205 a 4500
005 - FECHA Y HORA DE LA ULTIMA TRANSACCION
Campo de control 20180803170337.0
008 - ELEMENTOS DE LONGITUD FIJA—INFORMACION GENERAL
Campo de control 161111b2014222 ck abo||r|| |||| 0| 0 spa d
022 ## - ISSN
ISSN 19001592
040 ## - FUENTE DE CATALOGACIÓN
Agencia catalogadora original CO-BoIAVH
Agencia transcriptora CO-BoIAVH
041 0# - IDIOMA
Código de idioma para texto/pista de sonido o título separado Español
044 ## - PAÍS DE PUBLICACIÓN
País de publicación Colombia
082 04 - NUMERO DE CLASIFICACION DECIMAL DEWEY
Número de clasificación 598.09861
Número del ítem E79n
245 03 - MENCION DE TITULO
Título El estado de las aves en Colombia :
Parte restante del título Evaluando las prioridades de conservación y protección de la avifauna colombiana 2014
Mención de responsabilidad Fundación ProAves
260 ## - PUBLICACION, DISTRIBUCION, ETC. (PIE DE IMPRENTA)
Lugar de publicación, distribución, etc. Bogotá :
Nombre del editor, distribuidor, etc. Fundación Proaves,
Fecha de publicación, distribución, etc. 2014.
300 ## - DESCRIPCION FISICA
Otros detalles físicos ilustraciones a color, mapas y fotografías a color
Dimensiones 28 x 22 cm.
650 26 - ASIENTO SECUNDARIO DE MATERIA - TERMINO TEMATICO
Término temático o nombre geográfico como elemento de entrada Aves
Subdivisión general conservación
Subdivisión geográfica Colombia
9 (RLIN) 77058
650 26 - ASIENTO SECUNDARIO DE MATERIA - TERMINO TEMATICO
Término temático o nombre geográfico como elemento de entrada Protección animal
9 (RLIN) 77059
710 2# - ASIENTO SECUNDARIO - NOMBRE CORPORATIVO
Nombre corporativo o de jurisdicción como elemento de entrada Fundación ProAves
9 (RLIN) 101067
942 ## - ELEMENTOS ADICIONALES (KOHA)
Sistema de clasificación Dewey Decimal Classification
Tipo de ítem Libro
Existencias
Withdrawn status Lost status Sistema de Clasificación Damaged status No para préstamo Colección Fecha publicación (Año) Inventariado Ubicación Permanente Ubicación actual Fecha de adquisición Fuente de adquisición Precio Total Checkouts Número topográfico Inventario / Código de Barras Date last seen Ejemplar Price effective from Forma de adquisición Tipo de material
    Dewey Decimal Classification     General 2014 Inventariado 2017 Bogotá Bogotá 11/11/2016 Instituto 39000.00   LB-598.09861 E79n 040793 11/11/2016 Ej. 1 11/11/2016 Donación Libro
    Dewey Decimal Classification     General   Inventariado 2017 Bogotá Bogotá 25/09/2017 Instituto 39000.00   LB-598.09861 E79n 041684 25/09/2017 Ej. 3 25/09/2017 Donación Libro
    Dewey Decimal Classification     General 2014 Inventariado 2017 Sala Fabio Quevedo Sala Fabio Quevedo 11/11/2016 Instituto 39000.00   LB-598.09861 E79n 040792 11/11/2016 Ej. 2 11/11/2016 Donación Libro